| 000 | 01137ngm a22003370a 4500 | ||
|---|---|---|---|
| 001 | PT19562 | ||
| 003 | AR-LpoUNG | ||
| 005 | 20210202000317.0 | ||
| 007 | vd cvaizq | ||
| 008 | 191001s1942||||ag |||||||||||||||||fre d | ||
| 037 | _c$9.96 | ||
| 040 |
_aAR-LpoUNG _bspa _cAR-LpoUNG _eaacr |
||
| 041 |
_afre _aspa |
||
| 044 | _aag | ||
| 082 | 0 | _a840.912 411vis | |
| 100 | 1 |
_aCerné, Marcel _edir. |
|
| 245 | 1 | 4 | _aLos visitantes de la noche |
| 260 |
_aBuenos Aires : _bEpoca Video, _c1942. |
||
| 300 | _aVHS (123 min.) : son., byn | ||
| 505 | 0 | _aGuión: Jacques Prevert, Pierre Laroche. - Títulos en francés, subtítulos en castellano | |
| 520 | _aEl diablo envía emisarios a la tierra para corromper a dos amantes, pero fracasa. Logra convertirlos en piedra pero continúan latiendo. Realizado durante la ocupación, se erige en una válida alegoría de la lucha entre el bien y el mal y del uso del arte al servicio de las ideas. | ||
| 650 | 4 | _aFRANCIA | |
| 650 | 4 | _aHISTORIA | |
| 650 | 4 | _aNAZISMO | |
| 651 | 4 | _aFrancia | |
| 653 | _aCINE | ||
| 653 | _aVHS | ||
| 653 | _aVIDEOS | ||
| 905 | _a19562 | ||
| 942 | _cVIDEO | ||
| 999 |
_c54592 _d54592 |
||